Statistics for Top 40 Classical Pieces

Click here to take the quiz!

General Stats

  • This quiz has been taken 104 times
    (95 since last reset)
  • The average score is 17 of 64

Answer Stats

#YearTitle% Correct
Beethoven
88%
Mozart
87%
Bach
77%
Tchaikovsky
59%
Vivaldi
57%
Handel
54%
31893Symphony #9: New World
51%
Dvorak
49%
41723Four Seasons
48%
151808Symphony #5
48%
11824Symphony #9
48%
Debussy
41%
261801Piano Sonata #14: Moonlight
39%
191876Swan Lake
39%
Pachelbel
38%
251892Nutcracker
36%
2217th centuryCanon in D
35%
Rachmaninoff
35%
Stravinsky
35%
21741The Messiah
35%
Ravel
33%
371893Symphony #6: Pathetique
33%
401808Symphony #6: Pastoral
30%
Mahler
29%
Wagner
29%
Rossini
26%
271812Symphony #7
26%
718821812 Overture
25%
381928Bolero
25%
181905Clair de Lune
25%
161897Symphony #2: Resurrection
25%
61721Brandenburg Concertos
23%
Gershwin
23%
101901Piano Concerto #2
22%
Barber
20%
Sibelius
20%
Copland
19%
361909Piano Concerto #3
19%
341913Rite of Spring
19%
Bizet
17%
Holst
17%
51924Rhapsody in Blue
17%
111918The Planets
17%
91936Adagio for Strings
14%
311829William Tell Overture
14%
291875Carmen Suite
13%
Mussorgsky
13%
141791Requiem
13%
Smetana
12%
281900Finlandia
10%
131811Piano Concerto #5: Emperor
10%
331874Pictures at an Exhibition
10%
201833Toccata and Fugue in D Minor
10%
351717Water Music
10%
81934Rhapsody on a Theme of Paganini
9%
171944Appalachian Spring
7%
321870Ride of the Valkyries
7%
231914Lark Ascending
6%
Vaughan Williams
6%
301910Fantasia on a Theme of Thomas Tallis
4%
121723Jesu, Joy of Man's Desiring
4%
211882Moldau
4%
391845Tannhauser: Overture
3%
241713Sheep May Safely Graze
1%

Score Distribution

Percentile by Number Answered

Percent of People with Each Score

Your Score History

You have not taken this quiz since the last reset